000 00501nam a22001697a 4500
999 _c5358
_d5358
003 GBCCL
005 20241126110539.0
008 180315b ||||| |||| 00| 0 eng d
040 _cgbc
082 _a232
_bSOL
100 _aSoltau, George
_99647
245 _aFour Portraits of the Lord Jesus Christ:
_bSome suggestions for the study of the Gospels /
_cGeorge Soltau
260 _aNew York:
_bCharles C. Cook
300 _a195 p.;
_c19 cm.
650 _aJesus Christ
_vPortraits
_99648
942 _2ddc
_cBK